000
002590000a22000970004500
100
1
_a
Rivera Velázquez, Melvin
245
1
0
_a
La paz que todos buscamos
300
_a
Vol. 46, Núm 198 (1991), Páginas 10-11
773
0
_t
La Biblia de las Américas
942
_c
ANA
999
_c
51333
_d
51333